[Event "DEM U18 2025"]
[Site "Willingen GER"]
[Date "2025.06.12"]
[Round "7"]
[White "Ohler, Julius"]
[Black "von Mettenheim, Johannes"]
[Result "0-1"]
[Termination "normal"]
[Board "1"]
[WhiteTitle "FM"]
[WhiteElo "2301"]
[BlackElo "2367"]
[WhiteClock "00:09:09"]
[BlackClock "00:08:55"]
[PlyCount "76"]
[WhiteFideId "16238982"]
[BlackFideId "16244818"]
[EventCountry "GER"]
[EventRounds "9"]
[EventType "swiss"]
[EventDate "2025.06.07"]

1. c4 {[%clk 01:30:56]} {[%emt 00:00:03]} e6 {[%clk 01:30:57]} {[%emt
00:00:04]} 2. g3 {[%clk 01:31:17]} {[%emt 00:00:09]} d5 {[%clk 01:31:23]}
{[%emt 00:00:02]} 3. Bg2 {[%clk 01:31:43]} {[%emt 00:00:05]} d4 {[%clk
01:31:50]} {[%emt 00:00:03]} 4. Nf3 {[%clk 01:31:03]} {[%emt 00:01:10]} h5
{[%clk 01:32:15]} {[%emt 00:00:05]} 5. d3 {[%clk 01:29:23]} {[%emt 00:02:10]}
Nh6 {[%clk 01:32:33]} {[%emt 00:00:13]} 6. O-O {[%clk 01:12:29]} {[%emt
00:17:23]} Nf5 {[%clk 01:32:59]} {[%emt 00:00:04]} 7. h3 {[%clk 01:10:22]}
{[%emt 00:02:38]} Nc6 {[%clk 01:31:56]} {[%emt 00:01:33]} 8. Na3 {[%clk
01:04:14]} {[%emt 00:06:37]} f6 {[%clk 01:28:51]} {[%emt 00:03:34]} 9. Nc2
{[%clk 01:03:59]} {[%emt 00:00:46]} a5 {[%clk 01:26:58]} {[%emt 00:02:23]} 10.
b3 {[%clk 00:58:19]} {[%emt 00:06:10]} Kf7 {[%clk 01:19:05]} {[%emt 00:08:23]}
11. a3 {[%clk 00:54:06]} {[%emt 00:04:44]} g5 {[%clk 01:16:51]} {[%emt
00:02:43]} 12. Nd2 {[%clk 00:51:04]} {[%emt 00:03:32]} e5 {[%clk 01:11:19]}
{[%emt 00:06:02]} 13. Rb1 {[%clk 00:46:44]} {[%emt 00:04:51]} Be6 {[%clk
01:08:29]} {[%emt 00:03:20]} 14. b4 {[%clk 00:44:42]} {[%emt 00:02:31]} axb4
{[%clk 01:07:21]} {[%emt 00:01:38]} 15. axb4 {[%clk 00:45:07]} {[%emt
00:00:05]} Qd7 {[%clk 01:05:22]} {[%emt 00:02:28]} 16. Ne4 {[%clk 00:42:45]}
{[%emt 00:02:53]} Kg7 {[%clk 01:04:01]} {[%emt 00:01:51]} 17. Bd2 {[%clk
00:36:18]} {[%emt 00:06:58]} Nd8 {[%clk 01:02:03]} {[%emt 00:02:26]} 18. Ra1
{[%clk 00:31:05]} {[%emt 00:05:44]} Rxa1 {[%clk 00:59:33]} {[%emt 00:03:01]}
19. Qxa1 {[%clk 00:31:28]} {[%emt 00:00:06]} Nf7 {[%clk 00:59:05]} {[%emt
00:00:57]} 20. Kh2 {[%clk 00:30:54]} {[%emt 00:01:05]} b6 {[%clk 00:56:44]}
{[%emt 00:02:51]} 21. b5 {[%clk 00:29:56]} {[%emt 00:01:28]} N5d6 {[%clk
00:55:05]} {[%emt 00:02:09]} 22. Nxd6 {[%clk 00:28:31]} {[%emt 00:01:55]} Bxd6
{[%clk 00:55:18]} {[%emt 00:00:16]} 23. Qa6 {[%clk 00:27:23]} {[%emt 00:01:40]}
h4 {[%clk 00:39:54]} {[%emt 00:15:53]} 24. g4 {[%clk 00:25:35]} {[%emt
00:02:19]} f5 {[%clk 00:38:31]} {[%emt 00:01:53]} 25. Bc6 {[%clk 00:23:01]}
{[%emt 00:03:03]} Qe7 {[%clk 00:38:27]} {[%emt 00:00:33]} 26. f3 {[%clk
00:19:50]} {[%emt 00:03:42]} e4+ {[%clk 00:16:31]} {[%emt 00:22:26]} 27. Kg1
{[%clk 00:20:15]} {[%emt 00:00:04]} e3 {[%clk 00:15:09]} {[%emt 00:01:53]} 28.
Be1 {[%clk 00:18:23]} {[%emt 00:02:22]} Qf6 {[%clk 00:14:07]} {[%emt 00:01:31]}
29. Qa1 {[%clk 00:17:40]} {[%emt 00:01:14]} Be5 {[%clk 00:14:30]} {[%emt
00:00:07]} 30. Kg2 {[%clk 00:16:14]} {[%emt 00:01:56]} Rd8 {[%clk 00:14:40]}
{[%emt 00:00:19]} 31. Bb4 {[%clk 00:14:34]} {[%emt 00:02:11]} Nh8 {[%clk
00:14:35]} {[%emt 00:00:34]} 32. Rh1 {[%clk 00:09:25]} {[%emt 00:05:40]} Ng6
{[%clk 00:14:58]} {[%emt 00:00:06]} 33. Kf1 {[%clk 00:09:36]} {[%emt 00:00:20]}
fxg4 {[%clk 00:13:36]} {[%emt 00:01:53]} 34. hxg4 {[%clk 00:09:57]} {[%emt
00:00:08]} Bxg4 {[%clk 00:13:58]} {[%emt 00:00:07]} 35. Ke1 {[%clk 00:10:25]}
{[%emt 00:00:02]} Be6 {[%clk 00:14:16]} {[%emt 00:00:13]} 36. Kd1 {[%clk
00:10:41]} {[%emt 00:00:15]} h3 {[%clk 00:10:55]} {[%emt 00:03:50]} 37. Kc1
{[%clk 00:09:06]} {[%emt 00:02:05]} h2 {[%clk 00:08:55]} {[%emt 00:02:30]} 38.
Kb2 {[%clk 00:09:09]} {[%emt 00:00:27]} Bxc4 {[%emt 00:00:12]} 0-1

[Event "DEM U18 2025"]
[Site "Willingen GER"]
[Date "2025.06.12"]
[Round "7"]
[White "Petrovskiy, Vadym"]
[Black "Englert, Luca"]
[Result "1-0"]
[Termination "normal"]
[Board "2"]
[WhiteTitle "IM"]
[BlackTitle "FM"]
[WhiteElo "2432"]
[BlackElo "2333"]
[WhiteClock "00:28:00"]
[BlackClock "00:24:33"]
[PlyCount "105"]
[WhiteFideId "14165210"]
[BlackFideId "16293088"]
[EventCountry "GER"]
[EventRounds "9"]
[EventType "swiss"]
[EventDate "2025.06.07"]

1. e4 {[%clk 01:30:08]} {[%emt 00:00:44]} c5 {[%clk 01:30:55]} {[%emt
00:00:13]} 2. Nf3 {[%clk 01:29:36]} {[%emt 00:01:02]} d6 {[%clk 01:31:20]}
{[%emt 00:00:06]} 3. d4 {[%clk 01:29:33]} {[%emt 00:00:33]} cxd4 {[%clk
01:31:44]} {[%emt 00:00:05]} 4. Nxd4 {[%clk 01:29:59]} {[%emt 00:00:04]} Nf6
{[%clk 01:32:07]} {[%emt 00:00:07]} 5. Nc3 {[%clk 01:30:24]} {[%emt 00:00:06]}
a6 {[%clk 01:32:33]} {[%emt 00:00:03]} 6. h3 {[%clk 01:30:32]} {[%emt
00:00:22]} e5 {[%clk 01:32:56]} {[%emt 00:00:07]} 7. Nf3 {[%clk 01:30:54]}
{[%emt 00:00:07]} Be7 {[%clk 01:31:17]} {[%emt 00:02:10]} 8. g4 {[%clk
01:27:24]} {[%emt 00:04:00]} O-O {[%clk 01:27:12]} {[%emt 00:04:36]} 9. g5
{[%clk 01:26:26]} {[%emt 00:01:27]} Ne8 {[%clk 01:25:50]} {[%emt 00:01:52]} 10.
Be3 {[%clk 01:18:01]} {[%emt 00:08:56]} Be6 {[%clk 01:21:09]} {[%emt 00:05:11]}
11. Qd2 {[%clk 01:18:04]} {[%emt 00:00:27]} Nc7 {[%clk 01:15:07]} {[%emt
00:06:32]} 12. O-O-O {[%clk 01:16:29]} {[%emt 00:02:04]} Nd7 {[%clk 01:13:53]}
{[%emt 00:01:44]} 13. h4 {[%clk 01:11:50]} {[%emt 00:05:09]} f5 {[%clk
01:03:07]} {[%emt 00:11:16]} 14. gxf6 {[%clk 01:09:03]} {[%emt 00:03:17]} Nxf6
{[%clk 01:03:11]} {[%emt 00:00:26]} 15. Ng5 {[%clk 01:09:12]} {[%emt 00:00:21]}
Kh8 {[%clk 01:00:20]} {[%emt 00:03:20]} 16. Nxe6 {[%clk 00:48:48]} {[%emt
00:20:54]} Nxe6 {[%clk 01:00:37]} {[%emt 00:00:14]} 17. Bc4 {[%clk 00:48:20]}
{[%emt 00:00:58]} Qc8 {[%clk 00:54:58]} {[%emt 00:06:08]} 18. Bd5 {[%clk
00:48:02]} {[%emt 00:00:47]} Ng4 {[%clk 00:52:49]} {[%emt 00:02:40]} 19. Rdg1
{[%clk 00:43:47]} {[%emt 00:04:44]} Nxe3 {[%clk 00:51:38]} {[%emt 00:01:41]}
20. fxe3 {[%clk 00:44:15]} {[%emt 00:00:03]} Qd7 {[%clk 00:47:45]} {[%emt
00:04:23]} 21. Qg2 {[%clk 00:36:27]} {[%emt 00:08:18]} Bf6 {[%clk 00:46:29]}
{[%emt 00:01:46]} 22. Ne2 {[%clk 00:36:23]} {[%emt 00:00:35]} Nc7 {[%clk
00:43:20]} {[%emt 00:03:38]} 23. Bb3 {[%clk 00:35:58]} {[%emt 00:00:55]} b5
{[%clk 00:39:29]} {[%emt 00:04:22]} 24. Ng3 {[%clk 00:33:38]} {[%emt 00:02:49]}
a5 {[%clk 00:39:05]} {[%emt 00:00:55]} 25. Rd1 {[%clk 00:34:03]} {[%emt
00:00:04]} a4 {[%clk 00:26:53]} {[%emt 00:12:42]} 26. Bd5 {[%clk 00:34:30]}
{[%emt 00:00:04]} Nxd5 {[%clk 00:26:55]} {[%emt 00:00:27]} 27. Rxd5 {[%clk
00:34:46]} {[%emt 00:00:14]} Qg4 {[%clk 00:24:38]} {[%emt 00:02:47]} 28. Qh3
{[%clk 00:31:53]} {[%emt 00:03:23]} Qxh3 {[%clk 00:23:01]} {[%emt 00:02:07]}
29. Rxh3 {[%clk 00:32:21]} {[%emt 00:00:02]} b4 {[%clk 00:22:53]} {[%emt
00:00:39]} 30. Nf5 {[%clk 00:32:24]} {[%emt 00:00:27]} g6 {[%clk 00:22:27]}
{[%emt 00:00:56]} 31. Nxd6 {[%clk 00:32:44]} {[%emt 00:00:09]} Bg7 {[%clk
00:19:00]} {[%emt 00:03:57]} 32. h5 {[%clk 00:30:35]} {[%emt 00:02:40]} Rf1+
{[%clk 00:18:52]} {[%emt 00:00:37]} 33. Kd2 {[%clk 00:27:47]} {[%emt 00:03:19]}
Kg8 {[%clk 00:17:33]} {[%emt 00:01:48]} 34. Rg3 {[%clk 00:26:24]} {[%emt
00:01:53]} Raf8 {[%clk 00:15:18]} {[%emt 00:02:45]} 35. hxg6 {[%clk 00:24:09]}
{[%emt 00:02:45]} R8f2+ {[%clk 00:15:37]} {[%emt 00:00:11]} 36. Kd3 {[%clk
00:24:35]} {[%emt 00:00:05]} Rd1+ {[%clk 00:16:01]} {[%emt 00:00:06]} 37. Kc4
{[%clk 00:24:57]} {[%emt 00:00:07]} Rxc2+ {[%clk 00:16:24]} {[%emt 00:00:07]}
38. Kb5 {[%clk 00:25:06]} {[%emt 00:00:21]} Rxd5+ {[%clk 00:16:37]} {[%emt
00:00:18]} 39. exd5 {[%clk 00:25:33]} {[%emt 00:00:02]} a3 {[%clk 00:15:00]}
{[%emt 00:02:07]} 40. bxa3 {[%clk 00:24:39]} {[%emt 00:01:25]} bxa3 {[%clk
00:15:13]} {[%emt 00:00:17]} 41. Nf5 {[%clk 00:15:55]} {[%emt 00:09:13]} h5
{[%clk 00:11:26]} {[%emt 00:04:17]} 42. e4 {[%clk 00:12:56]} {[%emt 00:03:29]}
Rxa2 {[%clk 00:11:17]} {[%emt 00:00:39]} 43. Ka4 {[%clk 00:01:07]} {[%emt
00:12:19]} Re2 {[%clk 00:08:21]} {[%emt 00:03:27]} 44. Rxa3 {[%clk 00:29:41]}
{[%emt 00:01:57]} Bf8 {[%clk 00:34:53]} {[%emt 00:03:57]} 45. d6 {[%clk
00:29:13]} {[%emt 00:00:58]} Rxe4+ {[%clk 00:33:38]} {[%emt 00:01:46]} 46. Kb5
{[%clk 00:29:37]} {[%emt 00:00:06]} Rf4 {[%clk 00:27:06]} {[%emt 00:07:01]} 47.
d7 {[%clk 00:28:27]} {[%emt 00:01:40]} Rb4+ {[%clk 00:24:50]} {[%emt 00:02:45]}
48. Kc6 {[%clk 00:28:36]} {[%emt 00:00:21]} Rc4+ {[%clk 00:24:08]} {[%emt
00:01:13]} 49. Kd5 {[%clk 00:28:50]} {[%emt 00:00:16]} Rc5+ {[%clk 00:24:11]}
{[%emt 00:00:26]} 50. Ke4 {[%clk 00:28:18]} {[%emt 00:01:03]} Rc4+ {[%clk
00:24:32]} {[%emt 00:00:10]} 51. Kxe5 {[%clk 00:28:01]} {[%emt 00:00:47]} Rc5+
{[%clk 00:24:43]} {[%emt 00:00:18]} 52. Kd4 {[%clk 00:27:43]} {[%emt 00:00:47]}
Rc1 {[%clk 00:24:33]} {[%emt 00:00:41]} 53. d8=Q {[%clk 00:28:00]} {[%emt
00:00:13]} 1-0

[Event "DEM U18 2025"]
[Site "Willingen GER"]
[Date "2025.06.12"]
[Round "7"]
[White "Heinrich, John"]
[Black "Semling, Julius"]
[Result "1-0"]
[Termination "normal"]
[Board "3"]
[WhiteTitle "FM"]
[WhiteElo "2359"]
[BlackElo "2199"]
[WhiteClock "00:30:10"]
[BlackClock "00:01:00"]
[PlyCount "119"]
[WhiteFideId "16259491"]
[BlackFideId "16290160"]
[EventCountry "GER"]
[EventRounds "9"]
[EventType "swiss"]
[EventDate "2025.06.07"]

1. c4 {[%clk 01:30:54]} {[%emt 00:00:05]} e6 {[%clk 01:30:47]} {[%emt
00:00:14]} 2. g3 {[%clk 01:30:59]} {[%emt 00:00:25]} d5 {[%clk 01:30:54]}
{[%emt 00:00:23]} 3. Bg2 {[%clk 01:31:13]} {[%emt 00:00:16]} Nf6 {[%clk
01:31:09]} {[%emt 00:00:15]} 4. Nf3 {[%clk 01:31:33]} {[%emt 00:00:10]} d4
{[%clk 01:31:18]} {[%emt 00:00:21]} 5. O-O {[%clk 01:31:32]} {[%emt 00:00:31]}
Nc6 {[%clk 01:31:40]} {[%emt 00:00:08]} 6. e3 {[%clk 01:30:36]} {[%emt
00:01:27]} e5 {[%clk 01:31:52]} {[%emt 00:00:18]} 7. d3 {[%clk 01:28:25]}
{[%emt 00:02:40]} Bc5 {[%clk 01:31:44]} {[%emt 00:00:38]} 8. exd4 {[%clk
01:28:09]} {[%emt 00:00:46]} Bxd4 {[%clk 01:32:09]} {[%emt 00:00:05]} 9. Nc3
{[%clk 01:22:52]} {[%emt 00:05:48]} O-O {[%clk 01:32:10]} {[%emt 00:00:28]} 10.
Nb5 {[%clk 01:20:13]} {[%emt 00:03:08]} Bb6 {[%clk 01:28:13]} {[%emt 00:04:27]}
11. Be3 {[%clk 01:18:00]} {[%emt 00:02:44]} Bxe3 {[%clk 01:22:48]} {[%emt
00:05:54]} 12. fxe3 {[%clk 01:18:26]} {[%emt 00:00:05]} e4 {[%clk 01:16:49]}
{[%emt 00:06:29]} 13. dxe4 {[%emt 00:01:50]} Qe7 {[%clk 01:15:26]} {[%emt
00:01:43]} 14. Qc2 {[%clk 01:14:57]} {[%emt 00:02:49]} Ne5 {[%clk 01:04:50]}
{[%emt 00:11:06]} 15. Qc3 {[%clk 01:06:32]} {[%emt 00:08:56]} Nxf3+ {[%clk
01:01:54]} {[%emt 00:03:25]} 16. Bxf3 {[%clk 01:06:55]} {[%emt 00:00:07]} c6
{[%clk 00:49:51]} {[%emt 00:12:33]} 17. Nd6 {[%clk 01:03:38]} {[%emt 00:03:47]}
Qxd6 {[%clk 00:46:43]} {[%emt 00:03:37]} 18. e5 {[%clk 01:04:04]} {[%emt
00:00:05]} Qe7 {[%clk 00:45:56]} {[%emt 00:01:17]} 19. exf6 {[%clk 01:04:30]}
{[%emt 00:00:04]} Qxf6 {[%clk 00:45:32]} {[%emt 00:00:55]} 20. Qxf6 {[%clk
01:04:50]} {[%emt 00:00:09]} gxf6 {[%clk 00:46:00]} {[%emt 00:00:02]} 21. Rad1
{[%clk 00:58:21]} {[%emt 00:06:59]} Be6 {[%clk 00:42:10]} {[%emt 00:04:19]} 22.
b3 {[%clk 00:55:15]} {[%emt 00:03:36]} a5 {[%clk 00:40:07]} {[%emt 00:02:33]}
23. Rd4 {[%clk 00:50:29]} {[%emt 00:05:16]} a4 {[%clk 00:33:49]} {[%emt
00:06:49]} 24. Bd1 {[%clk 00:31:06]} {[%emt 00:19:54]} axb3 {[%clk 00:30:29]}
{[%emt 00:03:50]} 25. axb3 {[%clk 00:31:18]} {[%emt 00:00:18]} c5 {[%clk
00:21:16]} {[%emt 00:09:42]} 26. Rdf4 {[%clk 00:26:28]} {[%emt 00:05:20]} Ra1
{[%clk 00:17:26]} {[%emt 00:04:20]} 27. Bc2 {[%clk 00:21:34]} {[%emt 00:05:24]}
Rxf1+ {[%clk 00:16:42]} {[%emt 00:01:14]} 28. Kxf1 {[%clk 00:21:53]} {[%emt
00:00:11]} Kg7 {[%clk 00:16:29]} {[%emt 00:00:43]} 29. Ke2 {[%clk 00:22:02]}
{[%emt 00:00:21]} Ra8 {[%clk 00:15:08]} {[%emt 00:01:51]} 30. Rf1 {[%clk
00:21:24]} {[%emt 00:01:07]} Ra2 {[%clk 00:13:29]} {[%emt 00:02:09]} 31. Kd3
{[%clk 00:21:30]} {[%emt 00:00:24]} Bh3 {[%clk 00:11:50]} {[%emt 00:02:11]} 32.
Rc1 {[%clk 00:17:56]} {[%emt 00:04:03]} b6 {[%clk 00:10:25]} {[%emt 00:01:55]}
33. Kc3 {[%clk 00:18:08]} {[%emt 00:00:17]} Bg4 {[%clk 00:09:34]} {[%emt
00:01:22]} 34. Rf1 {[%clk 00:16:55]} {[%emt 00:01:43]} h6 {[%clk 00:07:41]}
{[%emt 00:02:23]} 35. Re1 {[%clk 00:14:21]} {[%emt 00:03:04]} Kf8 {[%clk
00:06:49]} {[%emt 00:01:21]} 36. Rc1 {[%clk 00:14:18]} {[%emt 00:00:34]} Ra8
{[%clk 00:03:39]} {[%emt 00:03:40]} 37. Rf1 {[%clk 00:13:43]} {[%emt 00:01:05]}
Re8 {[%clk 00:03:06]} {[%emt 00:01:03]} 38. e4 {[%clk 00:12:24]} {[%emt
00:01:48]} Ke7 {[%clk 00:02:36]} {[%emt 00:01:01]} 39. Ra1 {[%clk 00:12:35]}
{[%emt 00:00:18]} Kd6 {[%clk 00:01:57]} {[%emt 00:01:10]} 40. Ra6 {[%clk
00:11:24]} {[%emt 00:01:41]} Rb8 {[%clk 00:01:01]} {[%emt 00:01:25]} 41. Kd3
{[%clk 00:08:23]} {[%emt 00:03:32]} Ke5 {[%clk 00:28:25]} {[%emt 00:03:06]} 42.
Ke3 {[%clk 00:38:40]} {[%emt 00:00:12]} Bc8 {[%clk 00:21:29]} {[%emt 00:07:26]}
43. Ra7 {[%clk 00:38:39]} {[%emt 00:00:33]} Be6 {[%clk 00:20:03]} {[%emt
00:01:55]} 44. Bd3 {[%clk 00:37:37]} {[%emt 00:01:32]} b5 {[%clk 00:17:42]}
{[%emt 00:02:52]} 45. cxb5 {[%clk 00:36:20]} {[%emt 00:01:46]} Bxb3 {[%clk
00:18:01]} {[%emt 00:00:11]} 46. Be2 {[%clk 00:35:04]} {[%emt 00:01:47]} Be6
{[%clk 00:07:01]} {[%emt 00:11:30]} 47. Rc7 {[%clk 00:34:43]} {[%emt 00:00:51]}
Rc8 {[%clk 00:05:47]} {[%emt 00:01:44]} 48. Rxc8 Bxc8 {[%clk 00:06:16]} 49. Bc4
{[%clk 00:34:30]} {[%emt 00:00:37]} Bb7 {[%clk 00:03:22]} {[%emt 00:03:23]} 50.
b6 {[%clk 00:29:54]} {[%emt 00:05:07]} Bxe4 {[%clk 00:01:47]} {[%emt 00:02:05]}
51. Ba6 {[%clk 00:30:14]} {[%emt 00:00:09]} h5 {[%clk 00:01:07]} {[%emt
00:01:10]} 52. h4 {[%clk 00:27:39]} {[%emt 00:03:05]} c4 {[%clk 00:00:34]}
{[%emt 00:01:03]} 53. b7 {[%clk 00:27:50]} {[%emt 00:00:20]} Bxb7 {[%clk
00:00:59]} {[%emt 00:00:05]} 54. Bxb7 {[%clk 00:28:16]} {[%emt 00:00:05]} c3
{[%clk 00:00:52]} {[%emt 00:00:36]} 55. Be4 {[%clk 00:28:38]} {[%emt 00:00:07]}
f5 {[%clk 00:00:40]} {[%emt 00:00:43]} 56. Bc2 {[%clk 00:29:03]} {[%emt
00:00:05]} Kf6 {[%clk 00:00:34]} {[%emt 00:00:36]} 57. Kf4 {[%clk 00:29:27]}
{[%emt 00:00:05]} Kg6 {[%clk 00:00:45]} {[%emt 00:00:19]} 58. Bxf5+ {[%clk
00:29:50]} {[%emt 00:00:07]} Kh6 {[%clk 00:01:05]} {[%emt 00:00:10]} 59. Bc2
{[%clk 00:30:10]} {[%emt 00:00:10]} f6 {[%clk 00:01:00]} {[%emt 00:00:35]} 60.
Ke4 {[%emt 00:00:27]} 1-0